000 00804nam a22002297a 4500
003 UA-OsUOA
001 41469
007 ta
008 20080725b un ||||| |||| 00| 0 ukr d
090 _a94(477).15
942 _cBK
040 _aUA-OsUOA
_bukr
_cUA-OsUOA
_dUA-OsUOA
245 _aНа скрижалях історії
_bКн. 1
300 _a860 с.
955 _a4
041 _aukr
080 _a94(477).15
260 _aКиїв
_c2003
246 3 1 _aЗ історії взаємозв'язків урядових структур і громадських кіл України з українсько-канадською громадою в другій половині 1940 - 1980-ті роки
650 7 _a9 Географія. Біографії. Історія
_2UDC
999 _c439970
_d439970